000 00652nam a2200193 4500
001 115861
003 ES-MaACL
005 20231228173803.0
007 t|
008 061121s1942 sp r ||||1| spa d
100 1 _aOrs, Eugenio d',
_d1881-1954
_987358
245 1 0 _aAldeamediana
_b: seguido de las historias de las esparragueras y de dos notas sobre la civilización campesina /
_cEugenio d'Ors.
260 _aMadrid ; Barcelona :
_bGacela : Bosch,
_c1942.
300 _a138 p. ;
_c19 cm.
490 1 _aColección gacela
830 0 _aColección gacela
_9228928
852 _aES-MaACL
_jF-15423
_bR.19540
999 _c115861
_d115861